000 00996nam a2200229 i 4500
001 38650
003 ES-MaACL
005 20250822041624.0
007 t|
008 030226s1966 sp ||||1| spa d
100 1 _aBurtt, Harold E.
_932795
245 1 0 _aPsicología práctica /
_cH.E. Burtt ; [versión española y adaptación de Gonzalo Golzalvo Mainar].
260 _aMadrid :
_bMorata,
_c1966.
300 _a3 v. :
_blám., il. ;
_c22 cm.
490 1 _aFilosofía, psicología, pedagogía
505 0 _aI. Psicología escolar: orientación vocacional: técnicas y tests (225 p.) - II. Psicología clínica y criminal: personalidad y delincuencia: técnicas y tests (225 p.) - III. Psicología industrial: comercio y publicidad: técnicas y tests (317 p.)
650 0 7 _aPsicología aplicada
_2embne
_916552
700 1 _aGolzalvo Mainar, Gonzalo.
_957722
830 1 0 _aFilosofía, psicología, pedagogía
_9181408
852 _aES-MaACL
_jE-4155-57
999 _c38650
_d38650